Teach / Learn Poetry Writing: (Record no. 181958)

MARC details
000 -LEADER
fixed length control field 00678nam a22001937a 4500
005 - DATE AND TIME OF LATEST TRANSACTION
control field 20211012111014.0
010 ## - LCCN (DPL NO)
LC control number B-741747
020 ## - INTERNATIONAL STANDARD BOOK NUMBER
Terms of availability 750.00
International Standard Book Number 9788194920687
035 ## - SYSTEM CONTROL NUMBER
System control number B-741747
037 ## - SOURCE OF ACQUISITION
Source of stock number/acquisition Gift
082 ## - DEWEY DECIMAL CLASSIFICATION NUMBER
Classification number 821
100 ## - MAIN ENTRY--PERSONAL NAME
Personal name Khandelwal,Rajiv
245 ## - TITLE STATEMENT
Title Teach / Learn Poetry Writing:
Remainder of title Let's crawl /
Statement of responsibility, etc Rajiv Khandelwal
260 ## - PUBLICATION, DISTRIBUTION, ETC. (IMPRINT)
Name of publisher, distributor, etc The Poetry Society of India
Place of publication, distribution, etc Haryana
Date of publication, distribution, etc 2021
270 ## - ADDRESS
Address H-23/16, DLF Phase-I, Gurugram
City Haryana
Postal code 122002
Electronic mail address thepoetrysoindia@gmail.com; mgwebguru@gmail.com
Telephone number 0124-4054392, 098118-42292
300 ## - PHYSICAL DESCRIPTION
Extent 84p.
Dimensions 22cm(hbk)
942 ## - ADDED ENTRY ELEMENTS (KOHA)
Source of classification or shelving scheme Dewey Decimal Classification
Item type Children Books
Classification part 821
Call number suffix RAJ
Holdings
Withdrawn status Lost status Not for loan Collection code Home library Current library Date acquired Source of acquisition Cost, normal purchase price Full call number Barcode Copy number Cost, replacement price Koha item type Public note
      Non-fiction Ashok Vihar Ashok Vihar 12/10/2021 Gift/4.10.2021 750.00 821 RAJ B-741747 1 750.00 Children Books Gift

© Delhi Public Library
Hit Counter
free hit counter